| 000 | 00762nam a2200229Ia 4500 | ||
|---|---|---|---|
| 003 | GCL | ||
| 008 | 140319s9999 xx 000 0 ara d | ||
| 040 |
_aGCL / _cGCL |
||
| 082 | 0 | 4 |
_a091.1 _bع م |
| 100 | 1 | _aعزت ياسين ابوهيبة | |
| 245 | 1 | 0 |
_aالمحفوظات العربية - فهارسها - وفهرستها وموطنها فى جمهورية مصر العربية / _cعزت ياسين ابوهيبة |
| 260 |
_a[S.N] : _bالهيئة المصرية العامة للكتاب ، _c1989 |
||
| 300 | _a418 ص | ||
| 490 | _a | ||
| 650 | 0 | 4 | _aالمخطوطات |
| 650 | 0 | 4 | _aالفهارس |
| 650 | 0 | 4 | _aالفهرسة |
| 650 | 0 | 4 | _aالمكتبات |
| 650 | 0 | 4 | _aالكشافات |
| 650 | 0 | 4 | _aالمجموعات |
| 942 |
_2ddc _cBK |
||
| 999 |
_c30004 _d30004 |
||